| 000 | 00387 a2200133 4500 | ||
|---|---|---|---|
| 001 | 88822 | ||
| 082 | _aPR 745 | ||
| 090 |
_c41963 _d41963 |
||
| 100 | _aZaffar Mohammad | ||
| 245 | _aTodesign converging diverging nozzle for given conditions by using characteristics method | ||
| 260 |
_aKarachi _bUniversity of Karachi _c1979 |
||
| 300 |
_a130p. _eAli, S.T |
||
| 500 | _aBE Project Reports | ||
| 942 |
_aCAE NUST _kPR 745 |
||
| 999 |
_c323895 _d323895 |
||